000 00729nam a22002177a 4500
003 0
005 20230929130525.0
008 230929b xxu||||| |||| 00| 0 eng d
020 _a978-621-427-101-6
050 _aHD 58.7
_b .Se47 2022
100 _aSerrano, Angelita Ong Camilar
245 _aManagement of human behavior in an organization
_c Angelita Ong Camilar Serrano
250 _aSecond edition
260 _aManila
_bUnlimited Books Library Services & Publishing
_cc2022.
300 _aviii, 465 pages ;
_c26 cm.
500 _aOrganizational behavior,
504 _aIncludes bibliographical references and index.
650 _aOrganizational behavior.
650 _aPersonnel management.
942 _2lcc
_cBK
999 _c365439
_d365439